000 00482nam a22001217a 4500
999 _c4051
_d4051
008 250109b ||||| |||| 00| 0 eng d
020 _a9780006647553
082 _a823.914
100 _aJudith Kerr
_eKerr,Judith
245 _aMOG'S Bad Thing
500 _aMog always seems to be in trouble. She forgets that she has a cat flap and she forgets that she has already eaten her supper. But, one night, Mog's forgetfulness comes in very handy.
942 _2ddc
_h823.914